=LDR 00000nam 2200000 4500 =001 INLIS000000000013769 =005 20250429101508 =035 ##$$a 0010-061300000013769 =008 250429################g##########0#ind## =041 ##$$a Ind =082 ##$$a 608 =090 ##$$a 507.24, Van d =100 3#$$a Vancleave, Janice =245 1#$$a 204 percobaan-percobaan yang menakjubkan /$c Janice Vancleave ; alih bahasa, Kusuma, Ervina Yudha =300 ##$$a 120 hlm. : $b ilus. ; $c 27 cm =650 #4$$a Sains - Eksperimen =700 #$$a Yudha, Ervina =850 ##$$a NBPNMAT =020 ##$$a 978-047-133-1-018 =084 ##$$a 608 VAN d =250 ##$$a Cet. 2, 2005 =260 ##$$a Bandung :$b Pakar Raya,$c 2003 =990 ##$$a 1202000822 =990 ##$$a 27842784 =990 ##$$a 20614694 =990 ##$$a 1202000822